000 00629 a2200253 4500
001 116533
020 _a9780789213051
020 _qhardcover
041 _aeng
082 _aP Year 4 796
100 _aJèokulsson, Illugi
250 _aNew edition
260 _c2018
300 _a61 p.
490 _aWorld soccer legends
697 _aWomen Soccer players
697 _aBiography
856 _u000004/000004e2.jpg
040 _aDLC
_beng
_cDLC
_dBR-BrIDEA
_erda
050 _aGV944.9.A1
_bI55 2018
090 _aP Year 4 796
_bJEO
245 1 0 _aStars of women's soccer
_ctext by Illugi Jèokulsson
942 _cBK
999 _c116533
_d116533